Holzarten - Statistiken

Allgemein
  • Dieses Quiz wurde 200 mal gespielt
  • Das Durchschnittsergebnis liegt bei 4 aus 12
Antwortstatistiken
Bildquiz Antwort % Korrekt
Fichte
67%
Buche
60%
Eiche
59%
Nussbaum
48%
Birke
45%
Kiefer
33%
Tanne
24%
Esche
16%
Ahorn
15%
Lärche
12%
Zirbe
11%
Pappel
10%
Keine übereinstimmenden Quizze gefunden
Verteilung der Resultate
Anzahl Personen mit jedem Resultat
Perzentil nach korrekt beantworteten Fragen
Ihre Resultats-Entwicklung
Sie haben dieses Quiz noch nicht gespielt